A DAMSEL IN DISTRESS (Record no. 5011)
[ view plain ]
| 000 -LEADER | |
|---|---|
| fixed length control field | 00470nam a22001457a 4500 |
| 020 ## - INTERNATIONAL STANDARD BOOK NUMBER | |
| ISBN | 978-0-099-51413-8 |
| 082 ## - DEWEY DECIMAL CLASSIFICATION NUMBER | |
| Classification number | 823 |
| Item number | WOD/D |
| 100 ## - MAIN ENTRY--AUTHOR NAME | |
| Personal name | WODEHOUSE |
| 245 ## - TITLE STATEMENT | |
| Title | A DAMSEL IN DISTRESS |
| 260 ## - PUBLICATION, DISTRIBUTION, ETC. (IMPRINT) | |
| Place of publication | LONDON |
| Name of publisher | ARROW BOOKS |
| Year of publication | 2008 |
| 300 ## - PHYSICAL DESCRIPTION | |
| Number of Pages | 284 |
| 520 ## - SUMMARY, ETC. | |
| Summary, etc | Its plot revolves around golf-loving American composer George Bevan who falls in love with a mysterious young lady who takes refuge in his taxicab one day.<br/> |
| 650 ## - SUBJECT ADDED ENTRY--TOPICAL TERM | |
| Topical Term | NOVEL |
| Geographic subdivision | UNITED KINGDOM |
| 942 ## - ADDED ENTRY ELEMENTS (KOHA) | |
| Koha item type | Books |
| Withdrawn status | Lost status | Collection code | Home library | Current library | Shelving location | Date acquired | Source of acquisition | Full call number | Accession Number | Koha item type |
|---|---|---|---|---|---|---|---|---|---|---|
| Fiction | Main Library | Main Library | SHELF 15B-U,V,W SECTION NOVELS& FICTION | 17/10/2023 | purchase | 823 WOD/D | 05372 | Books |